000 00439nam a2200157Ia 4500
003 OSt
005 20200811120050.0
008 190216s9999||||xx |||||||||||||| ||und||
040 _coclc
082 _a519.5
_bPOT/B
100 _aPotti, L R
_9868
245 0 _aBusiness Statistics /
_cL R Potti
260 _bYamuna Publications,
_c2003.
_aTrivandrum:
300 _a434p
942 _cBK
_2ddc
_h519.5
_iPOT/B
_k519.5
_mPOT/B
999 _c6417
_d6417